00493 2200205 4500001002100000005001500021035002000036008004100056245004000097300002700137082000800164084001400172260004100186650001000227990001000237990001000247990001000257990001000267990001000277INLIS00000000000000620260226091259 a0010-1123000006231121 0 ind  aMenggali Kemaslahatan /cFitri Nisa a130 hlm; ilus ;c21 cm a813 a813 FIT m aSurabaya :bPT. Prapen Wiyata,c1999 4aFiksi a1.047 a1.048 a1.049 a1.050 a4.088